On the role of expectations in Costa Rican business cycle: An econometric research (Registro nro. 695773)

Detalles MARC
001 - NÚMERO DE CONTROL
campo de control 1393637
005 - FECHA Y HORA DE LA ÚLTIMA TRANSACCIÓN
campo de control 20240202120106.0
008 - DATOS DE LONGITUD FIJA--INFORMACIÓN GENERAL
campo de control de longitud fija 141127e20140605 eng
035 ## - NÚMERO DE CONTROL DEL SISTEMA
Número de control de sistema 1393637
040 ## - FUENTE DE LA CATALOGACIÓN
Centro/agencia transcriptor comduadb
041 ## - CÓDIGO DE LENGUA
Código de lengua del texto/banda sonora o título independiente eng
100 10 - ENTRADA PRINCIPAL--NOMBRE DE PERSONA
Nombre de persona Gómez Trejos, Felipe A.
Código de función aut
Término indicativo de función/relación Autor/a
9 (RLIN) 695221
245 10 - MENCIÓN DE TÍTULO
Título On the role of expectations in Costa Rican business cycle: An econometric research
650 ## - PUNTO DE ACCESO ADICIONAL DE MATERIA--TÉRMINO DE MATERIA
Término de materia o nombre geográfico como elemento de entrada Modelo dinámico (Economía)
9 (RLIN) 108482
650 ## - PUNTO DE ACCESO ADICIONAL DE MATERIA--TÉRMINO DE MATERIA
Término de materia o nombre geográfico como elemento de entrada Ciclo económico - Costa Rica
9 (RLIN) 209926
650 ## - PUNTO DE ACCESO ADICIONAL DE MATERIA--TÉRMINO DE MATERIA
Término de materia o nombre geográfico como elemento de entrada Pronosticos economicos - Costa Rica
9 (RLIN) 212800
650 ## - PUNTO DE ACCESO ADICIONAL DE MATERIA--TÉRMINO DE MATERIA
Término de materia o nombre geográfico como elemento de entrada Expectativas racionales (Teoria económica)
9 (RLIN) 10905
773 0# - ENLACE AL DOCUMENTO FUENTE/ENTRADA DE REGISTRO ANFITRIÓN
Título Ciencias Económicas (San José, Costa Rica)
Parte(s) relacionada(s) Volumen 32, Número 01, Enero-Junio de 2014, 43-61
Número de control del registro 94647
Número Internacional Normalizado para Publicaciones Seriadas 0252-9521
Número bibliográfico anfitrión 90006
942 ## - ELEMENTOS DE ENTRADA AGREGADA (KOHA)
Tipo de ítem Koha Artículo de Revista

No hay ítems disponibles.